Normal view MARC view

Entry Core Textbooks

Number of records used in: 5

001 - NÚMERO DE CONTROL

  • campo de control: 26044

003 - IDENTIFICADOR DEL NÚMERO DE CONTROL

  • campo de control: OSt

005 - FECHA Y HORA DE LA ÚLTIMA TRANSACCIÓN

  • campo de control: 20251007145218.0

008 - DATOS DE LONGITUD FIJA

  • campo de control de longitud fija: 251007|| aca||aabn | a|a d

040 ## - FUENTE DE LA CATALOGACIÓN

  • Centro catalogador/agencia de origen: OSt

130 ## - ENCABEZAMIENTO--TÍTULO UNIFORME

  • Título uniforme: ​​MSc Fashion & Luxury Marketing - Designing & implementing Marketing strategies in Fashion & Luxury markets​

Powered by Koha